The Spanish cave / (Record no. 8282)
[ view plain ]
| 000 -LEADER | |
|---|---|
| fixed length control field | 00660cam a22002291 4500 |
| 001 - CONTROL NUMBER | |
| JCCL Control Number | 8282 |
| 003 - CONTROL NUMBER IDENTIFIER | |
| JCCL marc code | BD-JhCC |
| 005 - DATE AND TIME OF LATEST TRANSACTION | |
| control field | 20231109083145.0 |
| 008 - FIXED-LENGTH DATA ELEMENTS--GENERAL INFORMATION | |
| fixed length control field | 750923s1936 mauaf j 000 0 eng |
| 035 ## - SYSTEM CONTROL NUMBER | |
| system control number | (BD-JhCC)8282 |
| 035 ## - SYSTEM CONTROL NUMBER | |
| system control number | (OCoLC)1649934 |
| 040 ## - CATALOGING SOURCE | |
| Original cataloging agency | DLC |
| Transcribing agency | FM |
| Modifying agency | DLC |
| -- | BD-JhCC |
| 041 ## - LANGUAGE CODE | |
| Language code of Book | eng |
| 050 00 - LIBRARY OF CONGRESS CALL NUMBER | |
| Classification number | PZ7.H8158 |
| Item number | Sp |
| 082 ## - DEWEY DECIMAL CLASSIFICATION NUMBER | |
| Author mark and Year | HOU 1936 |
| 100 1# - MAIN ENTRY--PERSONAL NAME | |
| Personal name | Household, Geoffrey, |
| Dates associated with a name | 1900-1988. |
| 245 14 - TITLE STATEMENT | |
| Title | The Spanish cave / |
| Statement of responsibility, etc | by Geoffrey Household; with illustrations by Henry C. Pitz. |
| 260 ## - PUBLICATION, DISTRIBUTION, ETC. (IMPRINT) | |
| Place of publication, distribution, etc | Boston, |
| Name of publisher, distributor, etc | Little, Brown, and company, |
| Date of publication, distribution, etc | 1936. |
| 300 ## - PHYSICAL DESCRIPTION | |
| Pagination | 5 p.l., 3-202 p. |
| Other physical details | incl. illus., plates |
| Dimensions | 21 cm. |
| 942 ## - ADDED ENTRY ELEMENTS (KOHA) | |
| Source of classification or shelving scheme | Dewey Decimal Classification |
| Koha item type | Books |
| Source of classification or shelving scheme | Damaged status | Not for loan | Home library | Current library | Shelving location | Date of accession | Full call number | Barcode | Date last seen | Copy number | Method of acquisition | Koha item type |
|---|---|---|---|---|---|---|---|---|---|---|---|---|
| Dewey Decimal Classification | JCC Rouf Library | JCC Rouf Library | General Stacks | 11/09/2023 | 823.91 HOU 1936 | 9310 | 02/20/2018 | C-1 | Purchase | Books |